00469nam a2200193 a 4500001001300000003000900013005001700022008004100039020001000080082001300090100002000103245003000123260002900153300000900182500003500191505001000226650001900236700002000255nice12345678IN_TiNIC20260116012245.0050524s1954 lona grp 000 0 eng  ac10000a270bCHI aChirgwin A, M,  aBible in World Evangelism aLondonbScm Press c1954 a166p aincludes index and biblioraphy2 aIndex aChurch-History1 aChirgwin A, M,